| 000 | 00834cam a2200253 a 4500 | ||
|---|---|---|---|
| 001 | 000023594 | ||
| 005 | 20200930022332.0 | ||
| 008 | 790511s1952 ag 001 e spa d | ||
| 040 |
_aDO-SdBNP _bspa _cBNPHU |
||
| 082 |
_a864.6 _bA996v, 1952 |
||
| 100 | 0 |
_aAzorín, _d1873-1967. _95278 |
|
| 245 | 1 | 0 |
_aVisión de España / _cAzorín ; páginas escogidas por Erly Danieri. |
| 250 | _a7a ed. | ||
| 260 |
_aBuenos Aires, Argentina : _bEspasa-Calpe, _c1952. |
||
| 300 |
_a152 p. ; _c18 cm. |
||
| 490 | 1 |
_aAustral. Azul: novelas y cuentos en general _v226 |
|
| 650 | 4 |
_aEnsayos españoles _93095 |
|
| 650 | 4 |
_aLiteratura española _9632 |
|
| 651 | 4 |
_aEspaña _xDescripciones Y Viajes _93096 |
|
| 700 | 1 |
_aDanieri, Erly. _941489 |
|
| 830 | 0 |
_aAustral. _pAzul: novelas y cuentos en general ; _v226 _922386 |
|
| 910 | _aWM | ||
| 049 | _aBNGR | ||
| 999 |
_c23090 _d23090 |
||